000 00381nam a2200145Ia 4500
008 230917s9999||||xx |||||||||||||| ||und||
040 _e48302
_aMAIN
041 _aEnglish
082 _a821.8 Y34S:B
100 _aStallworthy, Jon
245 0 _aBetween the lines: Yeats's poetry in the making
260 _aOxford
_bClarendon Press
_c1971
300 _axi, 261p p.
942 _cBK
999 _c202288
_d202288